Missing Word: Paul Rudd Quiz Stats

 Plays Quiz Updated Mar 29, 2013

Challenge
Share
Tweet
Embed
Score 0/16 Timer 03:00
0 Plays Today
Film Missing Word % Correct
The 40 _____ Old VirginYear
98.6%
Over Her Dead _____Body
97.8%
I _____ You, ManLove
97.2%
_____ at the MuseumNight
96.9%
Forgetting _____ MarshallSarah
92.6%
*Monsters vs. _____*Aliens
91.1%
The Cider _____ RulesHouse
82.5%
_____ for SchmucksDinner
80.9%
Film Missing Word % Correct
Anchorman: The Legend of Ron _____Burgundy
74.6%
Role _____Models
67.2%
I Could _____ be Your WomanNever
57.5%
Our _____ BrotherIdiot
49.9%
_____ UpKnocked
34%
The Oh in _____Ohio
24.6%
The _____ of ThingsShape
9.5%
Gen-X Cops 2: _____ MayhemMetal
3.3%

Today's Daily Dose

Missing Word
No Snow!

Word Ladder
Wild Cats

On This Day
December 16th II

You're not logged in!

Compare scores with friends on all Sporcle quizzes.
OR
Log In

You Might Also Like...

Show Comments

Extras

Top Quizzes Today


Score Distribution

Your Account Isn't Verified!

In order to create a playlist on Sporcle, you need to verify the email address you used during registration. Go to your Sporcle Settings to finish the process.

Report this User

Report this user for behavior that violates our Community Guidelines.

Details: